[Event "Nuremberg Zabo op 23rd"]
[Site "Nuremberg"]
[Date "2023.09.17"]
[Round "4"]
[White "Ratushnyi, Artur"]
[Black "Blumenthal, Benjamin"]
[Result "0-1"]
[WhiteElo "1301"]
[BlackElo "1759"]
[PlyCount "80"]
[EventDate "2023.09.15"]
[EventType "swiss"]
[EventRounds "5"]
[EventCountry "GER"]
[SourceTitle "EXT 2024"]
[Source "ChessBase"]
[SourceDate "2023.10.10"]
[SourceVersion "1"]
[SourceVersionDate "2023.10.10"]
[SourceQuality "1"]

1. e4 e5 2. Nf3 Nc6 3. Nc3 Nf6 4. d4 exd4 5. Nxd4 Bc5 6. Nxc6 dxc6 7. Qxd8+ Kxd8 8. Bg5 Be7 9. 0-0-0+ Ke8 10. Bc4 Nh5 11. Bxe7 Kxe7 12. b4 Be6 13. Bxe6 Kxe6 14. b5 cxb5 15. Nxb5 Rhc8 16. g3 g6 17. f4 a6 18. Nd4+ Ke7 19. Rhe1 Re8 20. c3 Rad8 21. e5 Ng7 22. g4 Ne6 23. f5 Nf4 24. f6+ Kf8 25. Re4 g5 26. h4 c5 27. e6 Nxe6 28. Nxe6+ fxe6 29. Rxd8 Rxd8 30. hxg5 Kf7 31. Rc4 Rd5 32. Kc2 Rxg5 33. Kd3 Kxf6 34. Ke3 Re5+ 35. Kf4 b5 36. g5+ Rxg5 37. Re4 Rf5+ 38. Kg4 h5+ 39. Kh4 e5 40. Re2 Rf3 0-1

[Event "Nuremberg Zabo op 23rd"]
[Site "Nuremberg"]
[Date "2023.09.16"]
[Round "2"]
[White "Ratushnyi, Artur"]
[Black "Fridlin, Daniel"]
[Result "1-0"]
[WhiteElo "1301"]
[BlackElo "1523"]
[PlyCount "81"]
[EventDate "2023.09.15"]
[EventType "swiss"]
[EventRounds "5"]
[EventCountry "GER"]
[SourceTitle "EXT 2024"]
[Source "ChessBase"]
[SourceDate "2023.10.10"]
[SourceVersion "1"]
[SourceVersionDate "2023.10.10"]
[SourceQuality "1"]

1. e4 c5 2. Nf3 d6 3. Nc3 Nf6 4. Bb5+ Bd7 5. Bxd7+ Qxd7 6. 0-0 e6 7. Re1 Nc6 8. d4 cxd4 9. Nxd4 Be7 10. f4 Qc7 11. Kh1 0-0 12. f5 Nxd4 13. Qxd4 Qc5 14. Qxc5 dxc5 15. fxe6 fxe6 16. Bg5 h6 17. Bxf6 Bxf6 18. e5 Bg5 19. Ne4 b6 20. Rad1 Bf4 21. Nc3 Rad8 22. Rxd8 Rxd8 23. Nb5 Bxe5 24. Nxa7 Bxb2 25. Nc6 Rd6 26. Ne7+ Kf7 27. Nc8 Rd2 28. Nxb6 Rxc2 29. g3 c4 30. a4 Bd4 31. a5 c3 32. Nc4 Ra2 33. Nd6+ Ke7 34. Nf5+ Kd7 35. Nxd4 Rd2 36. Nb3 Rb2 37. Nd4 c2 38. Ne2 Rb5 39. Rc1 Rb1 40. Kg2 Kc6 41. Rxc2+ 1-0